Gestión de conflictos en el sector de trabajadores de plataforma / (Registro nro. 6528)
[ vista simple ]
| 000 -LEADER | |
|---|---|
| fixed length control field | 01297nab a22002777a 4500 |
| 003 - CONTROL NUMBER IDENTIFIER | |
| control field | OSt |
| 005 - DATE AND TIME OF LATEST TRANSACTION | |
| control field | 20260223083812.0 |
| 008 - FIXED-LENGTH DATA ELEMENTS--GENERAL INFORMATION | |
| fixed length control field | 190506c xxu||||| |||| 00| 0 spa d |
| 040 ## - CATALOGING SOURCE | |
| Transcribing agency | PJ |
| 100 ## - MAIN ENTRY--PERSONAL NAME | |
| 9 (RLIN) | 7129 |
| Personal name | Rovelli, Patricia |
| 245 10 - TITLE STATEMENT | |
| Title | Gestión de conflictos en el sector de trabajadores de plataforma / |
| Statement of responsibility, etc | Patricia Rovelli, Silvana Millán. |
| 260 ## - PUBLICATION, DISTRIBUTION, ETC. (IMPRINT) | |
| Place of publication, distribution, etc | Buenos Aires : |
| Name of publisher, distributor, etc | AbeledoPerrot, |
| Date of publication, distribution, etc | 2024. |
| 300 ## - PHYSICAL DESCRIPTION | |
| Extent | p. 13-15 |
| 500 ## - GENERAL NOTE | |
| General note | Cita: TR LALEY AR/DOC/51/24. |
| 505 ## - FORMATTED CONTENTS NOTE | |
| Formatted contents note | Sumario: I. Introducción.— II. El llamado caso Pedidos Ya.— III. El caso Rappi.— IV. Situación actual de las personas relevadas.— V. Otras cuestiones respecto a los trabajadores de plataformas.— VI. Proyectos Pendientes.— VII. Referencias bibliográficas. |
| 505 ## - FORMATTED CONTENTS NOTE | |
| Title | ¿Te interesa el texto completo? Comunicate al correo: koha@justierradelfuego.gov.ar |
| 650 #0 - SUBJECT ADDED ENTRY--TOPICAL TERM | |
| 9 (RLIN) | 1316 |
| Topical term or geographic name as entry element | DERECHO LABORAL |
| 650 #0 - SUBJECT ADDED ENTRY--TOPICAL TERM | |
| 9 (RLIN) | 1323 |
| Topical term or geographic name as entry element | CONTRATO DE TRABAJO |
| 650 #0 - SUBJECT ADDED ENTRY--TOPICAL TERM | |
| 9 (RLIN) | 4428 |
| Topical term or geographic name as entry element | RELACIÓN DE DEPENDENCIA |
| 650 #0 - SUBJECT ADDED ENTRY--TOPICAL TERM | |
| 9 (RLIN) | 1402 |
| Topical term or geographic name as entry element | JORNADA DE TRABAJO |
| 650 #0 - SUBJECT ADDED ENTRY--TOPICAL TERM | |
| 9 (RLIN) | 1323 |
| Topical term or geographic name as entry element | CONTRATO DE TRABAJO |
| 650 #0 - SUBJECT ADDED ENTRY--TOPICAL TERM | |
| 9 (RLIN) | 4428 |
| Topical term or geographic name as entry element | RELACIÓN DE DEPENDENCIA |
| 700 ## - ADDED ENTRY--PERSONAL NAME | |
| 9 (RLIN) | 7036 |
| Personal name | Millán, Silvana |
| 773 0# - HOST ITEM ENTRY | |
| Host Biblionumber | 2751 |
| Host Itemnumber | 3202 |
| Place, publisher, and date of publication | Buenos Aires : AbeledoPerrot, 2013- |
| Title | Revista de derecho laboral y seguridad social. Nº 3 - Febrero 2024 |
| 942 ## - ADDED ENTRY ELEMENTS (KOHA) | |
| Source of classification or shelving scheme | |
| Koha item type | Analítica Artículo de Revista |
No hay ítems disponibles.
